La Regionalització del territori i els ens intermedis
Descripción Física:
131 p. : a dues columnes ; 30 cm
MARC
| LEADER | 00000nam a2200000Ia 4500 | ||
|---|---|---|---|
| 001 | 9125 | ||
| 003 | BGR | ||
| 005 | 20260324175415.0 | ||
| 008 | 160829s1990 xx 000 0 cat d | ||
| 080 | |a M-2-356 | ||
| 111 | |a Jornades La Regionalització del Territori i els Ens Intermedis |9 71273 |c (Barcelona : |d 1989) | ||
| 245 | |a La Regionalització del territori i els ens intermedis | ||
| 260 | |a Barcelona : |b Diputació de Barcelona, |c 1990 | ||
| 300 | |a 131 p. : |b a dues columnes ; |c 30 cm | ||
| 650 | 0 | |a Ordenació del territori |z Catalunya |9 39338 | |
| 651 | 0 | |a Catalunya |x Divisions administratives i polítiques |9 54246 | |
| 901 | |a Arxiu | ||
| 942 | |n 1 |2 udc |c JC | ||
| 952 | |0 0 |1 0 |4 0 |6 M2356 |7 1 |9 45884 |a Arxiu |b Arxiu |d 2016-12-01 |l 0 |o M-2-356 |p 9125 |r 2016-12-01 00:00:00 |w 2016-12-01 |y ARXIU | ||
| 999 | |c 49385 |d 49385 | ||